[Event "Isle of Wight op"]
[Site "Ryde"]
[Date "2025.02.20"]
[Round "4"]
[White "Schell, Finn"]
[Black "Larchikov, Maksym"]
[Result "1/2-1/2"]
[WhiteElo "1887"]
[BlackElo "2088"]
[PlyCount "65"]
[EventDate "2025.02.18"]
[EventType "swiss"]
[EventRounds "9"]
[EventCountry "ENG"]
[SourceTitle "CB09_2025"]
[SourceDate "2025.02.27"]
[SourceVersion "1"]
[SourceVersionDate "2025.02.27"]
[SourceQuality "1"]

1. e4 c6 2. d4 d5 3. exd5 cxd5 4. Bd3 Nc6 5. c3 Nf6 6. h3 e5 7. dxe5 Nxe5 8. Nf3 Nxd3+ 9. Qxd3 Be7 10. 0-0 0-0 11. Be3 Ne4 12. Rd1 Be6 13. Nbd2 Nc5 14. Bxc5 Bxc5 15. Nb3 Bb6 16. Nbd4 Qf6 17. Qe3 Rfe8 18. Qg5 Qxg5 19. Nxg5 Rad8 20. Ngf3 Bd7 21. Rd2 f6 22. Rad1 Re7 23. Nc2 Be6 24. Nb4 Red7 25. Nd4 Bf7 26. Ne2 Kf8 27. Kf1 Ke8 28. b3 Bc7 29. Nd3 Ba5 30. b4 Bb6 31. Nb2 d4 32. Na4 dxc3 33. Rxd7 1/2-1/2

[Event "Isle of Wight blitz op1"]
[Site "Isle of Wight"]
[Date "2025.02.19"]
[Round "1"]
[White "Mottram, Paul"]
[Black "Schell, Finn"]
[Result "0-1"]
[WhiteElo "1383"]
[BlackElo "1913"]
[PlyCount "80"]
[EventDate "2025.02.19"]
[EventType "swiss (blitz)"]
[EventRounds "7"]
[EventCountry "ENG"]
[SourceTitle "CB08_2025"]
[SourceDate "2025.02.19"]
[SourceVersion "1"]
[SourceVersionDate "2025.02.19"]
[SourceQuality "1"]

1. d4 d5 2. c4 e6 3. Nc3 Nf6 4. cxd5 exd5 5. Bg5 c6 6. e3 h6 7. Bh4 Be7 8. Bd3 0-0 9. Nf3 Re8 10. Qc2 Ne4 11. Bxe7 Qxe7 12. 0-0 Bf5 13. Bxe4 Bxe4 14. Nxe4 Qxe4 15. Qxe4 dxe4 16. Ne5 Na6 17. a3 Rad8 18. Nc4 Rd5 19. b4 Red8 20. Na5 R8d7 21. Rac1 Kf8 22. h3 Ke8 23. Nb3 Kd8 24. Nc5 Nxc5 25. Rxc5 Rxc5 26. bxc5 b6 27. cxb6 axb6 28. Rc1 Kc7 29. Kf1 Rd8 30. Ke2 Ra8 31. Rc3 Kd6 32. f3 f5 33. g4 fxg4 34. hxg4 Kd5 35. f4 Ra5 36. Kd2 g6 37. Kc2 h5 38. gxh5 gxh5 39. Kb3 h4 40. Ka2 Rb5 0-1

[Event "Isle of Wight op"]
[Site "Ryde"]
[Date "2025.02.18"]
[Round "1"]
[White "Kaufman, Raymond"]
[Black "Schell, Finn"]
[Result "1-0"]
[WhiteElo "2178"]
[BlackElo "1887"]
[PlyCount "124"]
[EventDate "2025.02.18"]
[EventType "swiss"]
[EventRounds "9"]
[EventCountry "ENG"]
[SourceTitle "CB09_2025"]
[SourceDate "2025.02.27"]
[SourceVersion "1"]
[SourceVersionDate "2025.02.27"]
[SourceQuality "1"]

1. e4 c6 2. d4 d5 3. e5 c5 4. Nf3 cxd4 5. Nxd4 Nc6 6. Nxc6 bxc6 7. Bd3 a5 8. 0-0 e6 9. Qe2 Bc5 10. Nd2 Ne7 11. Kh1 Ng6 12. f4 a4 13. Nf3 Qb6 14. Ng5 Ne7 15. Qh5 g6 16. Qh6 Nf5 17. Bxf5 Bf8 18. Qh4 exf5 19. Nxh7 Bg7 20. Nf6+ Kf8 21. Qg5 Qd8 22. Nh7+ Ke8 23. Qxd8+ Kxd8 24. Ng5 Ke8 25. Be3 f6 26. Nf3 fxe5 27. fxe5 Be6 28. Bc5 Bf8 29. Bd6 Kd7 30. Rae1 c5 31. Ng5 Rh5 32. Nh3 g5 33. Bxf8 Rxf8 34. Kg1 f4 35. Nf2 Bf5 36. g4 fxg3 37. hxg3 Rhh8 38. g4 Be6 39. Nd3 Rc8 40. Rf6 c4 41. Nb4 Rcf8 42. Rxf8 Rxf8 43. Rd1 Rf4 44. Nxd5 Rxg4+ 45. Kf2 Bxd5 46. Rxd5+ Ke6 47. Ra5 Rh4 48. Kg3 Re4 49. Rxa4 Kf5 50. b3 g4 51. Rxc4 Re3+ 52. Kf2 Rxe5 53. b4 Re8 54. b5 Kg5 55. Rc7 Kf4 56. Rf7+ Ke5 57. Kg3 Rc8 58. Kxg4 Rc4+ 59. Kf3 Kd6 60. Rf6+ Kd7 61. Rc6 Ra4 62. c4 Rxa2 1-0

[Event "Berks & Bucks op"]
[Site "Maidenhead"]
[Date "2024.08.25"]
[Round "3"]
[White "Faulkner, Martin J"]
[Black "Schell, Finn"]
[Result "1/2-1/2"]
[WhiteElo "1885"]
[BlackElo "1998"]
[PlyCount "68"]
[EventDate "2024.08.24"]
[EventType "swiss"]
[EventRounds "6"]
[EventCountry "ENG"]
[SourceTitle "CBM 221 Extra"]
[Source "ChessBase"]
[SourceDate "2024.09.30"]
[SourceVersion "1"]
[SourceVersionDate "2024.09.30"]
[SourceQuality "1"]

1. c4 e6 2. g3 d5 3. Bg2 Nf6 4. Nf3 dxc4 5. Qa4+ Bd7 6. Qxc4 c5 7. Ne5 Qc8 8. Nxd7 Qxd7 9. 0-0 Be7 10. Qc2 0-0 11. d3 Nc6 12. Be3 Rac8 13. Nc3 Rfd8 14. Qa4 a6 15. Rac1 Nb4 16. a3 Nbd5 17. Qxd7 Rxd7 18. Nxd5 Nxd5 19. Bd2 Bf6 20. Rc2 c4 21. dxc4 Nb6 22. Be3 Rxc4 23. Rxc4 Nxc4 24. Rc1 Nxe3 25. Rc8+ Rd8 26. Rxd8+ Bxd8 27. fxe3 b6 28. Kf2 Kf8 29. Bb7 a5 30. b4 axb4 31. axb4 Ke7 32. b5 Kd6 33. h3 Be7 34. Bc6 f5 1/2-1/2

[Event "BCF-ch U16"]
[Site "Hull"]
[Date "2024.08.03"]
[Round "7"]
[White "Dissanayake, Sathsara"]
[Black "Schell, Finn"]
[Result "0-1"]
[WhiteElo "1674"]
[BlackElo "1887"]
[PlyCount "56"]
[EventDate "2024.07.28"]
[EventType "swiss"]
[EventRounds "7"]
[EventCountry "ENG"]
[SourceTitle "EXT 2025"]
[Source "ChessBase"]
[SourceDate "2024.10.14"]
[SourceVersion "1"]
[SourceVersionDate "2024.10.14"]
[SourceQuality "1"]

1. e4 c6 2. d4 d5 3. exd5 cxd5 4. Bd3 Nc6 5. c3 Nf6 6. Bf4 Bg4 7. Qb3 Qd7 8. Nd2 e6 9. Ngf3 Bd6 10. Bxd6 Qxd6 11. 0-0 0-0 12. Rae1 Bxf3 13. Nxf3 Qc7 14. Qc2 a6 15. Ne5 g6 16. f4 Rfc8 17. Re3 Nxd4 18. Qd2 Nc6 19. h3 Qa5 20. b4 Qb6 21. Nxc6 Rxc6 22. Bb1 Rxc3 23. Qxc3 d4 24. Qb2 dxe3 25. Kh2 Nd5 26. a3 Qc7 27. g3 Rc8 28. Be4 Qc3 0-1

[Event "BCF-ch U16"]
[Site "Hull"]
[Date "2024.07.29"]
[Round "2"]
[White "Schell, Finn"]
[Black "Taylor, Zebadiah"]
[Result "1/2-1/2"]
[WhiteElo "1887"]
[BlackElo "1552"]
[PlyCount "127"]
[EventDate "2024.07.28"]
[EventType "swiss"]
[EventRounds "7"]
[EventCountry "ENG"]
[SourceTitle "EXT 2025"]
[Source "ChessBase"]
[SourceDate "2024.10.14"]
[SourceVersion "1"]
[SourceVersionDate "2024.10.14"]
[SourceQuality "1"]

1. e4 d6 2. Nc3 Nf6 3. d4 g6 4. f4 Bg7 5. Nf3 c5 6. dxc5 Qa5 7. Qd3 Nxe4 8. Qb5+ Qxb5 9. Bxb5+ Bd7 10. Bxd7+ Nxd7 11. Nxe4 f5 12. Nf2 Nxc5 13. c3 e5 14. fxe5 dxe5 15. 0-0 0-0 16. b3 e4 17. Nd4 Rfd8 18. Be3 Rac8 19. b4 Bxd4 20. cxd4 Ne6 21. Rfc1 Rxc1+ 22. Bxc1 Nxd4 23. Bg5 Re8 24. Rd1 Nc2 25. Rd8 Rxd8 26. Bxd8 Nxb4 27. a4 Kf7 28. Kf1 Ke6 29. Nh3 h6 30. Nf4+ Kf7 31. Ba5 Nc6 32. Bc3 Ne7 33. g3 g5 34. Ng2 Ke6 35. Bg7 h5 36. Bh6 Kf6 37. h4 gxh4 38. gxh4 Ng6 39. Ke2 Ke5 40. Ke3 b6 41. Bg5 a6 42. Nf4 Nxf4 43. Bxf4+ Ke6 44. Kd4 b5 45. a5 b4 46. Kc4 b3 47. Kxb3 Kd5 48. Kc3 Kc5 49. Be3+ Kd5 50. Kb4 Ke5 51. Kc5 f4 52. Bd4+ Ke6 53. Kb6 Kd5 54. Bg1 e3 55. Kxa6 Kd4 56. Kb6 f3 57. a6 f2 58. Bxf2 exf2 59. a7 f1Q 60. a8Q Qb1+ 61. Kc7 Qh7+ 62. Kd6 Qg6+ 63. Ke7 Qe4+ 64. Qxe4+ 1/2-1/2

[Event "BCF-ch U16"]
[Site "Hull"]
[Date "2024.07.28"]
[Round "1"]
[White "Thomas, James1"]
[Black "Schell, Finn"]
[Result "1-0"]
[WhiteElo "1620"]
[BlackElo "1887"]
[PlyCount "115"]
[EventDate "2024.07.28"]
[EventType "swiss"]
[EventRounds "7"]
[EventCountry "ENG"]
[SourceTitle "EXT 2025"]
[Source "ChessBase"]
[SourceDate "2024.10.14"]
[SourceVersion "1"]
[SourceVersionDate "2024.10.14"]
[SourceQuality "1"]

1. Nf3 d5 2. g3 Nf6 3. Bg2 e6 4. 0-0 c5 5. c4 dxc4 6. Na3 Be7 7. Nxc4 b5 8. Nce5 0-0 9. b3 Bb7 10. Bb2 Qc7 11. Rc1 Na6 12. e3 Nd5 13. d4 Rad8 14. Qe2 b4 15. Rc2 Nb8 16. Rfc1 a5 17. dxc5 Ba6 18. Qe1 Bf6 19. c6 Rc8 20. Bf1 Bxf1 21. Qxf1 Nc3 22. Bxc3 bxc3 23. Ng4 Qxc6 24. Nxf6+ gxf6 25. Nd4 Qe4 26. Rxc3 Rxc3 27. Rxc3 Rd8 28. Qc1 Nd7 29. Rc8 Rxc8 30. Qxc8+ Nf8 31. Qc2 Qd5 32. Qc6 Qh5 33. Kg2 Ng6 34. Nf3 Kf8 35. a3 Ne7 36. Qd6 Ke8 37. b4 Qb5 38. bxa5 Qxa5 39. Qd3 Nd5 40. Nd4 Qa8 41. e4 Ne7 42. Nf3 Qa4 43. Qd4 Qxd4 44. Nxd4 Kd7 45. Kf3 Kd6 46. Nb3 Ng6 47. Kg4 Ne5+ 48. Kh5 Nf3 49. h4 e5 50. Kh6 Nd4 51. Nd2 Ke7 52. Kxh7 Kf8 53. a4 f5 54. a5 fxe4 55. a6 Nc6 56. Nxe4 Ke7 57. Kg7 f5 58. Nc3 1-0